000 00677nam a2200193Ia 4500
001 15676
003 GE_BSU
008 181216s||||||||xx |||||||||||||| ||und||
040 _cGE_BSU
080 _a821.353.1-32
100 _aჩიქოვანი, მიხეილ
245 _aაღმშენებლობის მოთხრობები=Рассказы строительства
260 _aჭიათურა
260 _bჭიათურის მაღაროელი
260 _c1931
300 _a115გვ. : პორტ. ; 16სმ
653 _aაღმშენებლობის მოთხრობები
942 _cBK
999 _c48775
_d48775